Allenatori con più Promozioni in Serie A - Statistics

Statistiche generali
  • Questo quiz è stato fatto 58 volte
  • Il punteggio medio è 4 su 9
Statistiche sulle risposte
Numero promozioni in Serie A Squadre promosse in Serie A (stagione) Allenatore % Corretto
4 Brescia (1996-1997); Vicenza (1999-2000); Cagliari (2003-2004); Napoli (2006-2007) Edoardo Reja
58%
5 Cremonese (1983-1984); Atalanta (1987-1988; 1994-1995); Torino (1998-1999); Fiorentina (2003-2004) Emiliano Mondonico
54%
5 Lecce (1984-1985); Lazio (1987-1988); Torino (1989-1990); Verona (1990-1991); Bari (1996-1997) Eugenio Fascetti
52%
7 Genoa (1975-1976; 1980-1981); Brescia (1979-1980); Pisa (1984-1985; 1986-1987); Cremonese (1992-1993); Ancona (2002-2003) Luigi Simoni
46%
5 Atalanta (1983-1984); Udinese (1988-1989); Ascoli (1990-1991); Lecce (1998-1999); Brescia (1999-2000) Nedo Sonetti
46%
4 Venezia (1997-1998); Napoli (1999-2000); Piacenza (2000-2001); Sampdoria (2002-2003) Walter Novellino
38%
4 Chievo (2007-2008); Brescia (2009-2010); Sampdoria (2011-2012); Palermo (2013-2014) Giuseppe Iachini
35%
4 Pescara (1986-1987; 1991-1992); Udinese (1994-1995); Perugia (1995-1996) Giovanni Galeone
33%
4 Bari (1984-1985); Cesena (1986-1987); Lecce (1992-1993); Reggina (1998-1999) Bruno Bolchi
8%
Nessun quiz corrispondente trovato
Distribuzione punteggi
Percentuale di utenti per punteggio
Percentile per numero di risposta
I tuoi punteggi nel tempo
Non hai fatto questo quiz